000 00412nam a2200145Ia 4500
008 151021s9999 xx 000 0 und d
020 _a9.7881203128e+012
050 _aHB615.H65 1992
245 _a_Entrepreneurship New venture creation
260 _aIndia PHI Learning 2009
300 _axix,553p;ill.
500 _aIncludes Index
650 _a_Entrepreneurship
980 _a^d20110210 11:10:45^okilerai
999 _c6611
_d6611